| 000 | 00672nam a2200217 a 4500 | ||
|---|---|---|---|
| 999 |
_c3623 _d3623 |
||
| 001 | 3623 | ||
| 003 | BD-JhCC | ||
| 005 | 20171115185030.0 | ||
| 008 | 171115s1376 bg a|||| |||| 000 0 ben d | ||
| 035 | _a(BD-JhCC)3623 | ||
| 040 |
_aBD-JhCC _dBD-JhCC |
||
| 041 | _aben | ||
| 082 |
_a891.442 _bIBS 1373 |
||
| 100 | _aইবসেন, হেনরিক | ||
| 245 |
_aমহাস্থপতি / _cহেনরিক ইবসেন; আবদুল হক (অনু.) |
||
| 260 |
_aঢাকা : _bবাংলা একাডেমী, _c১৩৭৩ |
||
| 300 |
_a132 p. ; _c22 cm |
||
| 650 | _aBengali drama | ||
| 700 | _a হক, আবদুল | ||
| 942 |
_2ddc _cBK |
||